General Knowledge MCQ #15 - Statistics

General Stats
  • This quiz has been taken 10 times
  • The average score is 7 of 15
Answer Stats
Question Answer % Correct
The Asiatic Lion population once dwindling around 10 in 1900 has reached now 891 in 2025 is found only in the Indian state of Gujarat
63%
Kendrick Lamar was awarded a Pulitzer Prize for his album " DAMN" making him the first artist from this genre of music Hip hop
63%
What do scientist think three Neanderthals were doing on a beach in Portugal 78000 years ago Hunting for food
63%
Niagara Falls flowing over 12,000 years was once stopped in the year 1969
50%
Ultraprocessed foods make the 55 % of Americans ' calorie intake, the term itself was first coined in 2009
50%
Klondike Gold Rush did happen in the year 1896 in present day country of Canada
50%
Dragon blood tree is commonly found on the island of Socotra
50%
In May 2023, which country was readmitted in Arab League? Syria
50%
Leukaemia is characterized by abnormal increase of which of the following cells White blood cells
50%
What did scientists recently discover about how our brains store memories? B.) Memory patterns in the brain shift gradually over time
38%
Who has created LISP, the programming Language for Artifical Intelligence John McCarthy
38%
What rare type of black hole was recently caught swallowing a star? C.) Intermediate-mass black hole
25%
The largest wildfire ( Aude Region) since 1949 for this country was recently contained France
25%
Who among the following is the first player in the history of test cricket to take 200 wickets against left handed batsman Ravichandran Ashwin
25%
Infrasound can be heard by Rhinoceros
13%
No matching quizzes found
Score Distribution
Percent of People with Each Score
Percentile by Number Answered
Your Score History
You have not taken this quiz